Scrable - Kraje - Statystyki

Ogólne statystyki
  • Ten quiz został rozwiązany 659 razy
  • Średni wynik to 16 z 23
Statystyki odpowiedzi
Litery Nazwa kraju % Poprawnych
pycr cypr
97%
ogto togo
97%
almi mali
92%
kabu kuba
90%
rpue peru
90%
mano oman
89%
olas laos
88%
kari irak
86%
nair iran
86%
kabożadm kambodża
83%
hclie chile
78%
tamla malta
77%
cdoeinam pnocnóła macedonia północna
73%
mejne jemen
68%
jorsa rosja
68%
hanag ghana
63%
haymab bahamy
61%
nsa aironm san marino
59%
ycmein niemcy
56%
lonee raresi sierra leone
49%
mookyr komory
45%
dinie idnie
28%
nadaak kadana
25%
Nie znaleziono quizów pasujących do podanych kryteriów
Rozkład punktacji
Procent ludzi z każdym wynikiem
Percentyl według liczby udzielonych odpowiedzi
Twoja historia wyników
Nie rozwiązałeś tego quizu